000 00702nam a2200289Ia 4500
005 20260324140309.0
008 008 260324s9999 xx 000 0 eng d
020 _a9780429332753
037 _aEBOOK
040 _aCRL
040 _beng
040 _cCRL
041 _2eng
041 _aeng
084 _qCRL
100 _aAlexander Ioffe; Simeon Reich; I Shafrir
_91203857
245 0 _aCalculus of Variations and Optimal Control
245 0 _bTechnion 1998
260 _bTaylor and Francis
260 _c1999
365 _a
365 _b1060
856 _uhttp://www.taylorfrancis.com/books/9780429332753
942 _cEBOOK
999 _c1805795
_d1805795